Tour de France les deuxièmes ! - Statistiques

Statistiques générales
  • Ce quiz a été pris 233 fois
    165 depuis la dernière actualisation
  • Le résultat moyen est 56 sur 111
Statistiques - réponses
Année Vainqueur Deuxième % Correct
2021 Tadej Pogacar Jonas {Vingegaard}
100%
2024 Tadej Pogacar Jonas {Vingegaard}
100%
2013 Christopher Froome Nairo {Quintana}
100%
2015 Christopher Froome Nairo {Quintana}
100%
2022 Jonas Vingegaard Tadej {Pogacar}
100%
2023 Jonas Vingegaard Tadej {Pogacar}
100%
2016 Christopher Froome Romain {Bardet}
99%
2009 Alberto Contador Andy {Schleck}
98%
2011 Cadel Evans Andy {Schleck}
98%
2012 Bradley Wiggins Christopher {Froome}
98%
2019 Egan Bernal Geraint {Thomas}
98%
2020 Tadej Pogacar Primoz {Roglic}
98%
1984 Laurent Fignon Bernard {Hinault}
95%
1986 Greg LeMond Bernard {Hinault}
95%
2007 Alberto Contador Cadel {Evans}
95%
2008 Carlos Sastre Cadel {Evans}
95%
2017 Christopher Froome Rigoberto {Uran}
95%
1964 Jacques Anquetil Raymond {Poulidor}
93%
1965 Felice Grimondi Raymond {Poulidor}
93%
1974 Eddy Merckx Raymond {Poulidor}
93%
1975 Bernard Thévenet Eddy {Merckx}
91%
2018 Geraint Thomas Tom {Dumoulin}
90%
1985 Bernard Hinault Greg {LeMond}
88%
1996 Bjarne Riis Jan {Ullrich}
87%
1998 Marco Pantani Jan {Ullrich}
87%
2000 Non attribué Jan {Ullrich}
87%
2001 Non attribué Jan {Ullrich}
87%
2003 Non attribué Jan {Ullrich}
87%
1989 Greg LeMond Laurent {Fignon}
87%
1970 Eddy Merckx Joop {Zoetemelk}
82%
1971 Eddy Merckx Joop {Zoetemelk}
82%
1976 Lucien Van Impe Joop {Zoetemelk}
82%
1978 Bernard Hinault Joop {Zoetemelk}
82%
1979 Bernard Hinault Joop {Zoetemelk}
82%
1982 Bernard Hinault Joop {Zoetemelk}
82%
1997 Jan Ullrich Richard {Virenque}
77%
1973 Luis Ocana Bernard {Thévenet}
76%
1987 Stephen Roche Pedro {Delgado}
76%
2014 Vincenzo Nibali Jean-Christophe {Péraud}
74%
1949 Fausto Coppi Gino {Bartali}
70%
2005 Non attribué Ivan {Basso}
67%
1963 Jacques Anquetil Federico {Bahamontes}
66%
1907 Lucien Petit-Breton Gustave {Garrigou}
59%
1909 François Faber Gustave {Garrigou}
59%
1913 Philippe Thys Gustave {Garrigou}
59%
1981 Bernard Hinault Lucien {Van Impe}
57%
2010 Andy Schleck Samuel {Sanchez}
57%
1966 Lucien Aimar Jan {Janssen}
56%
2002 Non attribué Joseba {Beloki}
55%
1969 Eddy Merckx Roger {Pingeon}
55%
1972 Eddy Merckx Felice {Gimondi}
53%
1923 Henri Pelissier Ottavio {Bottecchia}
53%
2004 Non attribué Andreas {Kloden}
52%
2006 Oscar Pereiro Andreas {Kloden}
52%
1924 Ottavio Bottecchia Nicolas {Frantz}
52%
1926 Lucien Buysse Nicolas {Frantz}
52%
1928 Nicolas Frantz André {Leducq}
50%
1995 Miguel Indurain Alex {Zulle}
49%
1999 Non attribué Alex {Zulle}
49%
1936 Sylvère Maes Antonin {Magne}
49%
1908 Lucien Petit-Breton François {Faber}
49%
1910 Octave Lapize François {Faber}
49%
1954 Louison Bobet Ferdi {Kubler}
48%
1990 Greg LeMond Claudio {Chiappucci}
47%
1992 Miguel Indurain Claudio {Chiappucci}
47%
1993 Miguel Indurain Tony {Rominger}
44%
1925 Ottavio Bottecchia Lucien {Buysse}
39%
1914 Philippe Thys Henri {Pelissier}
38%
1927 Nicolas Frantz Maurice {De Waele}
38%
1991 Miguel Indurain Gianni {Bugno}
34%
1951 Hugo Koblet Raphaël {Géminiani}
34%
1977 Bernard Thévenet Hennie {Kuiper}
30%
1980 Joop Zoetemelk Hennie {Kuiper}
30%
1912 Odile Defraye Eugène {Christophe}
27%
1939 Sylvère Maes René {Vietto}
26%
1994 Miguel Indurain Piotr {Ugrumov}
25%
1950 Ferdi Kubler Stan {Ockers}
25%
1952 Fausto Coppi Stan {Ockers}
25%
1988 Pedro Delgado Steven {Rooks}
25%
1968 Jan Janssen Herman {Van Springel}
20%
1967 Roger Pingeon Julio {Jimenez}
20%
1983 Laurent Fignon Angel {Arroyo}
19%
1959 Federico Bahamontes Henry {Anglade}
13%
1919 Firmin Lambot Jean {Alavoine}
13%
1922 Firmin Lambot Jean {Alavoine}
13%
1905 Louis Trousselier Hippolyte {Aucouturier}
12%
1930 André Leducq Learco {Guerra}
10%
1933 Georges Speicher Learco {Guerra}
10%
1903 Maurice Garin Lucien {Pothier}
8%
1956 Roger Walkowiak Gilbert {Bauvin}
6%
1962 Jacques Anquetil Joseph {Planckaert}
6%
1948 Gino Bartali Albéric {Schotte}
5%
1947 Jean Robic Edouard {Fachleitner}
5%
1938 Gino Bartali Félicien {Vervaecke}
5%
1931 Antonin Magne Jef {Demuysere}
5%
1961 Jacques Anquetil Guido {Carlesi}
4%
1904 Henri Cornet Jean-Baptiste {Dortignacq}
4%
1953 Louison Bobet Jean {Malléjac}
4%
1957 Jacques Anquetil Marcel {Janssens}
4%
1906 René Pottier Georges {Passerieu}
3%
1958 Charly Gaul Vito {Favero}
3%
1935 Romain Maes Ambrogio {Morelli}
2%
1934 Antonin Magne Giuseppe {Martano}
2%
1960 Gastone Nencini Graziano {Battistini}
2%
1920 Philippe Thys Hector {Heusghem}
2%
1921 Léon Scieur Hector {Heusghem}
2%
1955 Louison Bobet Jean {Brankart}
2%
1911 Gustave Garrigou Paul {Duboc}
2%
1929 Maurice De Waele Giuseppe {Pancera}
1%
1932 André Leducq Kurt {Stopel}
1%
1937 Roger Lapébie Mario {Vicini}
1%
Aucun quiz correspondant
Distribution des résultats
% des personnes avec chaque résultat
Percentile par nombre de réponses
Votre historique - résultats
Vous n’avez pas pris ce quiz depuis la dernière actualisation